Prolog Static Slice

Elmentve itt :
Bibliográfiai részletek
Szerző: Juhász Gábor
További közreműködők: Gyimóthy Tibor (Témavezető)
Dokumentumtípus: Szakdolgozat
Megjelent: 2007-06-08
Tárgyszavak:
Online Access:http://diploma.bibl.u-szeged.hu/3057
LEADER 00770nta a2200181 i 4500
001 dipl3057
005 20130314072150.0
008 110422s2007 hu om 0|| hun d
040 |a SZTE Diploma Repozitórium  |b hun 
041 |a hun 
100 1 |a Juhász Gábor 
245 1 0 |a Prolog Static Slice  |h [elektronikus dokumentum] /  |c Gábor Juhász 
260 |c 2007-06-08 
650 4 |a Informatika 
700 1 |a Gyimóthy Tibor  |e ths 
856 4 0 |u http://diploma.bibl.u-szeged.hu/id/eprint/3057/1/2007_juhasz_gabor_07_55_diplomamunka.pdf  |z Dokumentum-elérés  
856 4 0 |u http://diploma.bibl.u-szeged.hu/id/eprint/3057/2/2007_juhasz_gabor_07_55.tar.gz  |z Dokumentum-elérés  
856 4 0 |u http://diploma.bibl.u-szeged.hu/id/eprint/3057/3/2007_juhasz_gabor_07_55_biralat.pdf  |z Dokumentum-elérés